=LDR 00000nam 2200000 4500 =001 INLIS000000000031156 =005 20150128153417.0 =006 =007 =008 Ind =035 ##$$0010-061300000031156 =041 ##$$a Ind =082 ##$$a 631.4 =090 ##$$a 631.4, Bar a =100 ##$$a Barchia, Muhammad Faiz =245 ##$$a Agroekosistem tanah mineral masam, Muhammad Faiz Barchia =260 ##$$a 2009 $b Yogyakarta =300 ##$$a xxii, 213 hlm, Ilus, 21 cm =650 ##$$a Tanah dan Konsentrasi Tanah =850 ##$$a NBPNMAT =990 ##$$a 0052/PN/2014 =990 ##$$a 0053/PN/2014 =990 ##$$a 0055/PN/2014 =990 ##$$a 0056/PN/2014 =990 ##$$a 0058/PN/2014 =990 ##$$a 0059/PN/2014 =990 ##$$a 0001/BPAP-NTB/2016